| 000 | 00355pab a2200133 454500 | ||
|---|---|---|---|
| 008 | 180718b1988 xxu||||| |||| 00| 0 eng d | ||
| 100 | _aCaines, John | ||
| 245 | _aUrbanisation and urban policy in the Third World | ||
| 260 | _c1988 | ||
| 300 | _a93-8 | ||
| 650 | _aUrbanisation - Underdeveloped Areas | ||
| 773 | _aHabitat International | ||
| 909 | _a20398 | ||
| 999 |
_c20398 _d20398 |
||